[Event "Challenge"]
[Site "http://www.queenalice.com/game.php?id=673996"]
[Date "2009.10.28"]
[Round "-"]
[White "Zenchess"]
[Black "KLEOJ"]
[Result "1/2-1/2"]
[WhiteElo "2072"]
[BlackElo "2161"]

1. e4 Nc6 2. Nf3 d6 3. d4 Bg4 4. Nc3 e6 5. Be3 Nf6 6. h3 Bh5 7. d5 exd5 8. exd5
Ne5 9. Be2 Nxf3+ 10. Bxf3 Bxf3 11. Qxf3 Be7 12. O-O-O O-O 13. Rhe1 c6 14. dxc6
bxc6 15. Qxc6 Rc8 16. Qa4 a5 17. Nd5 Nxd5 18. Rxd5 Bf6 19. Bd4 Bxd4 20. Qxd4 Rc6
21. Rd1 Qc7 22. Rd2 Rd8 23. Rg5 g6 24. h4 Rc4 25. Qd5 Rxh4 26. Qxa5 Rh1+ 27. Rd1
Rxd1+ 28. Kxd1 Qe7 29. Rg3 Re8 30. Re3 Qd7 31. Rxe8+ Qxe8 32. Qd5 Qb8 33. Kc1
Qb4 34. Qd2 Qc5 35. a4 d5 36. a5 h5 37. b4 Qc4 38. Kb2 f6 39. Ka3 Kg7 40. Qd3
Qc6 41. a6 g5 42. b5 Qc5+ 43. Ka4 h4 44. c3 g4 45. Qd4 Qc8 46. Qxd5 h3 47. gxh3
gxh3 48. a7 h2 49. Qg2+ Kf7 50. Qxh2 Qc4+ 51. Ka5 Qxc3+ 52. Ka6 Qc8+ 53. Kb6
Qe6+ 54. Kb7 Qd5+ 55. Kc8 Qe6+ 56. Kc7 Qc4+ 57. Kb6 1/2-1/2

[Event "Challenge"]
[Site "http://www.queenalice.com/game.php?id=674540"]
[Date "2009.10.29"]
[Round "-"]
[White "Zenchess"]
[Black "KLEOJ"]
[Result "1/2-1/2"]
[WhiteElo "2076"]
[BlackElo "2158"]

1. d4 d5 2. c4 Nc6 3. cxd5 Qxd5 4. e3 e5 5. Nc3 Bb4 6. Bd2 Bxc3 7. Bxc3 Nf6 8.
dxe5 Qxd1+ 9. Rxd1 Ne4 10. f4 Nxc3 11. bxc3 O-O 12. Bb5 Ne7 13. Nf3 Be6 14. O-O
Nd5 15. Rc1 Nxe3 16. Rfe1 Nd5 17. g3 c6 18. Bf1 Rad8 19. Ng5 Bf5 20. Ne4 Bxe4
21. Rxe4 Rfe8 22. Bg2 Nc7 23. Rc2 Rd1+ 24. Kf2 Red8 25. Bf3 R1d2+ 26. Rxd2 Rxd2+
27. Re2 Rd3 28. Re3 Rd2+ 29. Re2 Rxe2+ 30. Kxe2 Kf8 31. Kd3 Ke7 32. a4 Ne6 33.
a5 g6 34. Kc4 h5 35. Kb4 Kd7 36. Bg2 Kc7 37. Bh3 c5+ 38. Kc4 b6 39. Kb5 Nd8 40.
axb6+ axb6 41. g4 hxg4 42. Bxg4 Nc6 43. h4 Ne7 44. c4 Nc6 45. h5 gxh5 46. Bxh5
Nd4+ 47. Ka6 Ne6 48. Bxf7 Nxf4 49. e6 Kd6 50. Kxb6 Nd3 51. Bg8 Ne5 52. Kb5 Nc6
53. Bf7 Nd4+ 54. Kb6 1/2-1/2

[Event "Challenge"]
[Site "http://www.queenalice.com/game.php?id=685376"]
[Date "2009.11.18"]
[Round "-"]
[White "Zenchess"]
[Black "castel1341"]
[Result "1/2-1/2"]
[WhiteElo "2096"]
[BlackElo "2158"]

1. e4 c5 2. d4 cxd4 3. c3 d6 4. Nf3 d3 5. Bxd3 Nc6 6. c4 g6 7. Nc3 Bg7 8. h3 Nf6
9. O-O O-O 10. Be3 h6 11. Qd2 Kh7 12. Rad1 Qa5 13. Rfe1 Be6 14. b3 Ng4 15. Nd5
Nxe3 16. Qxa5 Nxa5 17. Rxe3 Nc6 18. Nc7 Rac8 19. Nxe6 fxe6 20. Ree1 Nd4 21. Be2
e5 22. Nxd4 exd4 23. Bd3 a5 24. a4 b6 25. h4 e5 26. Be2 Rf4 27. h5 Rxe4 28.
hxg6+ Kh8 29. Bd3 Rxe1+ 30. Rxe1 Rf8 31. f3 Bf6 32. g4 Bh4 33. Rf1 Kg7 34. Bf5
h5 35. Kg2 Bg5 36. Rh1 h4 37. Rb1 Bd2 38. Rh1 Rh8 39. Kh3 d5 40. cxd5 Rd8 41.
Be4 Rc8 42. Rd1 Bg5 43. Rd3 Rc2 44. Rxd4 Rb2 45. Rc4 Bf4 46. Rc2 Rxc2 47. Bxc2
Bg5 48. Kg2 Kf8 49. Bd3 1/2-1/2

[Event "Challenge"]
[Site "http://www.queenalice.com/game.php?id=694757"]
[Date "2009.12.8"]
[Round "-"]
[White "extermination"]
[Black "Zenchess"]
[Result "0-1"]
[WhiteElo "1796"]
[BlackElo "2098"]

1. e4 g6 2. d4 Bg7 3. e5 d6 4. Nf3 Bg4 5. h3 Bxf3 6. Qxf3 c6 7. exd6 Qxd6 8. Bc4
Nf6 9. Bg5 Qxd4 10. Nd2 O-O 11. O-O Nbd7 12. Bb3 Nc5 13. c3 Qd3 14. Rad1 Qxf3
15. Nxf3 Nxb3 16. axb3 Rfd8 17. b4 Kf8 18. Rfe1 h6 19. Bxf6 Bxf6 20. g4 Ke8 21.
Rd2 Rxd2 22. Nxd2 Rd8 23. Ne4 Bg7 24. Re3 b6 25. f4 Kd7 26. h4 Kc7 27. b3 e6 28.
c4 Bd4 29. Kf2 Bxe3+ 30. Kxe3 Rd1 0-1

[Event "Challenge"]
[Site "http://www.queenalice.com/game.php?id=727140"]
[Date "2010.2.6"]
[Round "-"]
[White "Zenchess"]
[Black "michas"]
[Result "1-0"]
[WhiteElo "2102"]
[BlackElo "1830"]

1. e4 b6 2. d4 Bb7 3. Bd3 f5 4. exf5 Bxg2 5. Qh5+ g6 6. fxg6 Bg7 7. Qf5 Nf6 8.
Bh6 Bxh6 9. gxh7 Bxh1 10. Qg6+ Kf8 11. Qxh6+ Kf7 12. Nh3 Ke8 13. Bg6# 1-0

[Event "Let's Play Chess!"]
[Site "http://www.queenalice.com/game.php?id=731019"]
[Date "2010.2.12"]
[Round "-"]
[White "Xmen"]
[Black "Zenchess"]
[Result "0-1"]
[WhiteElo "1477"]
[BlackElo "2112"]

1. e4 c5 2. c3 d5 3. f3 e6 4. e5 f6 5. f4 fxe5 6. fxe5 Qh4+ 7. g3 Qe4+ 8. Qe2
Qxh1 9. d3 Qxg1 10. Be3 Qh1 11. Nd2 d4 12. cxd4 Qc6 13. Bg2 Qc7 14. Rc1 Nd7 15.
b4 Ne7 16. bxc5 Nc6 17. d5 exd5 18. Nf3 Be7 19. Bg5 O-O 20. Bxe7 Nxe7 21. d4 b6
22. e6 Nf6 23. Ng5 bxc5 24. Rxc5 Qb6 25. Nf3 Qxe6 26. Qxe6+ Bxe6 27. Ng5 Bf5 28.
Rc7 Rfe8 29. Bf3 Nc6+ 30. Kf2 Nxd4 31. g4 Bxg4 32. Rc3 Bxf3 33. Nxf3 Ne4+ 0-1

[Event "Let's Play Chess!"]
[Site "http://www.queenalice.com/game.php?id=732340"]
[Date "2010.2.15"]
[Round "-"]
[White "Zenchess"]
[Black "Killersugus"]
[Result "1-0"]
[WhiteElo "2110"]
[BlackElo "1950"]

1. e4 c6 2. d4 g6 3. Nc3 d5 4. Nf3 dxe4 5. Nxe4 Bg7 6. c3 Nf6 7. Nxf6+ Bxf6 8.
Bh6 Qb6 9. Qd2 Bg4 10. Be2 Nd7 11. h3 Bxf3 12. Bxf3 e6 13. O-O Be7 14. a4 Bf8
15. b4 Bxh6 16. Qxh6 Qd8 17. b5 Rc8 18. bxc6 bxc6 19. c4 Qf6 20. Rfd1 g5 21. Qh5
Qg6 22. Qxg6 hxg6 23. d5 cxd5 24. cxd5 Ne5 25. Be2 Ke7 26. d6+ Kf6 27. a5 Rhd8
28. Rab1 Rd7 29. a6 Nc4 30. Bxc4 Rxc4 31. Rb7 Rd8 32. Rxa7 Rc6 33. d7 Ke7 34.
Kf1 e5 35. Ke2 f5 36. Ra1 Rb6 37. Rb7 Rxb7 38. axb7 Rb8 39. Ra8 1-0

[Event "Let's Play Chess!"]
[Site "http://www.queenalice.com/game.php?id=732613"]
[Date "2010.2.16"]
[Round "-"]
[White "copadeplata"]
[Black "Zenchess"]
[Result "1-0"]
[WhiteElo "1951"]
[BlackElo "2112"]

1. e4 c5 2. Nf3 e6 3. d4 cxd4 4. Nxd4 Nf6 5. Nc3 d6 6. g4 h6 7. h4 Be7 8. Qf3
Nc6 9. Nxc6 bxc6 10. g5 Nd7 11. gxh6 gxh6 12. Bf4 Qb6 13. O-O-O d5 14. exd5 cxd5
15. Nb5 1-0

[Event "Let's Play Chess!"]
[Site "http://www.queenalice.com/game.php?id=745599"]
[Date "2010.3.13"]
[Round "-"]
[White "igorjava"]
[Black "Zenchess"]
[Result "0-1"]
[WhiteElo "1854"]
[BlackElo "2104"]

1. e4 c5 2. Nf3 e6 3. d4 cxd4 4. Nxd4 Nf6 5. Bg5 Qa5+ 6. Bd2 Qb6 7. Nb3 Nxe4 8.
Be3 Qc7 9. c3 d5 10. f3 Nf6 11. Be2 Bd6 12. O-O Bxh2+ 13. Kh1 Nh5 14. f4 Nxf4
15. Bxf4 Bxf4 16. Qd4 Be5 17. Qg4 O-O 18. N1d2 Nc6 19. Nf3 Bd7 20. Nxe5 Qxe5 21.
Rae1 Qd6 22. Bd3 e5 23. Qh4 e4 24. Bc2 Rae8 25. Rd1 f5 26. Nd4 Nxd4 27. Rxd4 Rf6
28. Kg1 e3 29. Re1 Rh6 30. Qf4 Qxf4 31. Rxf4 Rf6 32. g3 Kf7 33. Bd3 g5 34. Rd4
Bc6 35. c4 dxc4 36. Rxc4 Rh6 37. Kf1 Rh1+ 38. Ke2 Bf3+ 39. Kxf3 Rxe1 40. Bxf5 e2
41. Be4 Re7 42. b4 h5 43. Kf2 Ra1 44. Kxe2 Rxa2+ 45. Kf1 Rd7 46. Rc1 Kf6 47. Bf3
b6 48. Bxh5 Rdd2 49. Be8 Rf2+ 50. Ke1 Rae2+ 0-1

[Event "Let's Play Chess!"]
[Site "http://www.queenalice.com/game.php?id=750542"]
[Date "2010.3.23"]
[Round "-"]
[White "Zenchess"]
[Black "Pumuckel"]
[Result "0-1"]
[WhiteElo "2114"]
[BlackElo "2373"]

1. e4 e6 2. d4 d5 3. Nd2 Nf6 4. e5 Nfd7 5. Bd3 c5 6. c3 Nc6 7. Ne2 cxd4 8. cxd4
f6 9. exf6 Qxf6 10. Nf3 h6 11. O-O Bd6 12. Be3 O-O 13. Bc2 Nb6 14. a3 Nc4 15.
Bc1 e5 16. dxe5 N6xe5 17. Ned4 Bg4 18. b3 Bc5 19. Kh1 Rad8 20. bxc4 dxc4 21. Be3
Nxf3 22. gxf3 Rxd4 0-1

[Event "Let's Play Chess!"]
[Site "http://www.queenalice.com/game.php?id=754580"]
[Date "2010.4.1"]
[Round "-"]
[White "Zenchess"]
[Black "lafasouza"]
[Result "1-0"]
[WhiteElo "2118"]
[BlackElo "1822"]

1. e4 e5 2. f4 Nc6 3. Nf3 Nf6 4. fxe5 Nxe4 5. d3 Nc5 6. d4 Na6 7. d5 Ne7 8. Nc3
d6 9. Be2 Nf5 10. O-O Nc5 11. Bf4 dxe5 12. Nxe5 Bd6 13. Qd2 Bxe5 14. Bxe5 Rg8
15. g4 Ne7 16. Qf4 f6 17. Bxc7 Qd7 18. Bb5 Ng6 19. Bxd7+ Nxd7 20. Qb4 Nde5 21.
Bxe5 fxe5 22. Rae1 a5 23. Qb5+ Bd7 24. Qxb7 Rc8 25. Nb5 Ke7 26. d6+ Kd8 27. Rf7
Be6 28. Rc7 Rxc7 29. Qxc7+ Ke8 30. Rxe5 Nxe5 31. Qe7# 1-0

[Event "PolkaFloyd.com"]
[Site "http://www.queenalice.com/game.php?id=757676"]
[Date "2010.4.7"]
[Round "-"]
[White "decimator"]
[Black "Zenchess"]
[Result "1-0"]
[WhiteElo "2255"]
[BlackElo "2121"]

1. d4 e6 2. c4 Nf6 3. Nc3 c5 4. d5 exd5 5. cxd5 d6 6. e4 g6 7. Nf3 Bg7 8. Bg5 h6
9. Bd2 O-O 10. Bd3 a6 11. O-O b5 12. Qc1 Kh7 13. Re1 Nbd7 14. Bf4 Qb6 15. a4 b4
16. Nd1 Re8 17. Ne3 Bf8 18. Nc4 Qc7 19. e5 dxe5 20. Nfxe5 Nxd5 21. Nxg6 Rxe1+
22. Qxe1 Nxf4 23. Nxf4+ Kg8 24. Qe4 Nf6 25. Qxa8 Bb7 26. Qa7 1-0

[Event "Let's Play Chess!"]
[Site "http://www.queenalice.com/game.php?id=759674"]
[Date "2010.4.11"]
[Round "-"]
[White "elche"]
[Black "Zenchess"]
[Result "0-1"]
[WhiteElo "1742"]
[BlackElo "2117"]

1. e4 Nf6 2. e5 Nd5 3. Nf3 c5 4. Bc4 Nb6 5. Bxf7+ Kxf7 6. Ng5+ Kg8 7. Qf3 Qe8 8.
O-O Nc6 9. Re1 Qg6 10. d3 Nd4 11. Qd1 d5 12. c3 Ne6 13. Nxe6 Bxe6 14. d4 cxd4
15. cxd4 Rc8 16. b3 Bf5 17. Qf3 Bxb1 0-1

[Event "Let's Play Chess!"]
[Site "http://www.queenalice.com/game.php?id=760124"]
[Date "2010.4.13"]
[Round "-"]
[White "Zenchess"]
[Black "charles31"]
[Result "1-0"]
[WhiteElo "2114"]
[BlackElo "1756"]

1. g3 e5 2. Bg2 d5 3. c4 d4 4. b4 Qd7 5. a3 c6 6. Bb2 Be7 7. d3 Na6 8. Nf3 Qe6
9. O-O Nh6 10. Nbd2 c5 11. bxc5 Nxc5 12. Rc1 Bd7 13. Qc2 Ba4 14. Qb1 O-O 15.
Rfe1 f5 16. e3 dxe3 17. fxe3 Bc6 18. Nxe5 Bxg2 19. Kxg2 Bd6 20. Nef3 Ng4 21. Nf1
Be5 22. d4 Bd6 23. dxc5 Bxc5 24. Nd4 Bxd4 25. exd4 Qd7 26. h3 Nh6 27. Qd3 Qc6+
28. d5 Qd7 29. Re6 Rae8 30. Rce1 f4 31. Rxe8 Rxe8 32. Rxe8+ Qxe8 33. gxf4 Qf7
34. Qe4 Nf5 35. Qe6 Qxe6 36. dxe6 Kf8 37. Kf3 Ke7 38. Ne3 Nxe3 39. Kxe3 g6 40.
Ke4 Kxe6 41. Bd4 b6 42. a4 h6 43. h4 h5 44. Be5 Kd7 45. Kd5 a6 46. Bd6 a5 47.
Be5 1-0

[Event "Let's Play Chess!"]
[Site "http://www.queenalice.com/game.php?id=761639"]
[Date "2010.4.15"]
[Round "-"]
[White "Zenchess"]
[Black "JOTA_CALAMAR"]
[Result "1-0"]
[WhiteElo "2113"]
[BlackElo "1311"]

1. g3 e5 2. Bg2 Nf6 3. c4 Bc5 4. e3 O-O 5. Nc3 d6 6. Nge2 Bg4 7. f3 Bf5 8. d4
exd4 9. exd4 Bb4 10. O-O Nc6 11. a3 Bxc3 12. Nxc3 Qe7 13. Re1 Qd7 14. Bg5 Rae8
15. Bxf6 gxf6 16. Qd2 Rxe1+ 17. Rxe1 Qe8 18. Rxe8 Rxe8 19. b4 1-0

[Event "Let's Play Chess!"]
[Site "http://www.queenalice.com/game.php?id=776164"]
[Date "2010.5.16"]
[Round "-"]
[White "Zenchess"]
[Black "luiz090392"]
[Result "1-0"]
[WhiteElo "2108"]
[BlackElo "1510"]

1. g3 Nf6 2. Bg2 g6 3. Nf3 Bg7 4. O-O O-O 5. d3 d6 6. c3 Nbd7 7. Re1 c5 8. a4 a6
9. Nbd2 Re8 10. e4 Nf8 11. Nc4 Ne6 12. e5 dxe5 13. Nfxe5 Nd7 14. Qe2 Nxe5 15.
Nxe5 Qd6 16. Nc4 Qc7 17. f4 Rd8 18. Be3 Rb8 19. a5 Qd7 20. Rad1 Qb5 21. f5 Nc7
22. Bf4 Qd7 23. Qxe7 Qxe7 24. Rxe7 Rd7 25. Rxd7 Bxd7 26. Bxc7 Rc8 27. Be5 Bxe5
28. Nxe5 1-0

[Event "Let's Play Chess!"]
[Site "http://www.queenalice.com/game.php?id=780376"]
[Date "2010.5.25"]
[Round "-"]
[White "Zenchess"]
[Black "plonius"]
[Result "0-1"]
[WhiteElo "2115"]
[BlackElo "2135"]

1. g3 d5 2. Bg2 e5 3. d3 Nc6 4. Nf3 Be7 5. O-O Nf6 6. c4 O-O 7. cxd5 Nxd5 8. Nc3
Be6 9. Bd2 Qd7 10. a3 Rad8 11. b4 a6 12. Rc1 f5 13. Nxd5 Bxd5 14. Bc3 Qe6 15.
Qc2 Rf7 16. Qb2 Bf6 17. b5 axb5 18. Qxb5 e4 19. Bxf6 exf3 20. Bxd8 Nd4 21. Qxd5
Nxe2+ 0-1

[Event "Let's Play Chess!"]
[Site "http://www.queenalice.com/game.php?id=780748"]
[Date "2010.5.25"]
[Round "-"]
[White "Zenchess"]
[Black "Luca74"]
[Result "1-0"]
[WhiteElo "2121"]
[BlackElo "1676"]

1. g3 g6 2. Bg2 Bg7 3. Nf3 d5 4. O-O e6 5. d3 Nd7 6. c3 Ne7 7. Nbd2 a6 8. Qc2 b6
9. e4 Bb7 10. Re1 h6 11. e5 c5 12. Nf1 O-O 13. h4 Qc7 14. Bf4 a5 15. N1h2 b5 16.
g4 f6 17. exf6 Qxf4 18. fxe7 Rfe8 19. Rxe6 d4 20. Rae1 Ne5 21. Nxe5 Bxg2 22.
Kxg2 a4 23. Nxg6 Qc7 24. f4 Qd7 25. f5 h5 26. f6 Bxf6 27. Rxf6 Kg7 28. Qf2 hxg4
29. Rf7+ Kh6 30. Qf4+ Kxg6 31. Qf6+ Kh5 32. Qg5# 1-0

[Event "Let's Play Chess!"]
[Site "http://www.queenalice.com/game.php?id=781374"]
[Date "2010.5.27"]
[Round "-"]
[White "rocha"]
[Black "Zenchess"]
[Result "0-1"]
[WhiteElo "1542"]
[BlackElo "2123"]

1. e4 Nf6 2. f3 e5 3. a3 Nxe4 4. fxe4 Qh4+ 5. g3 Qxe4+ 6. Qe2 Qxh1 7. Nf3 d6 8.
Nc3 Bg4 9. Kf2 Qxf3+ 10. Qxf3 Bxf3 11. Kxf3 Nc6 12. Bb5 a6 13. Nd5 O-O-O 14. Bc4
Nd4+ 15. Ke4 Nxc2 16. Ra2 c6 17. Nb6+ Kc7 18. Na4 b5 19. b3 Nd4 20. Bd3 Nxb3 21.
Rc2 bxa4 22. Bxa6 Nc5+ 23. Kf3 Nxa6 24. d3 Nc5 25. Ke2 Nb3 26. Bb2 Nd4+ 27. Bxd4
exd4 28. Rc4 Ra8 29. Rxd4 c5 30. Rc4 d5 31. Rf4 f6 32. Kd2 Bd6 33. Rf5 Kc6 34.
Kc3 Be5+ 35. Kc2 g6 36. Rf3 Rab8 37. Kc1 Rb2 38. Re3 Rxh2 39. d4 cxd4 40. Rf3
Rb8 41. Rd3 Rb3 0-1

[Event "Let's Play Chess!"]
[Site "http://www.queenalice.com/game.php?id=782782"]
[Date "2010.5.31"]
[Round "-"]
[White "Zenchess"]
[Black "dnptrs"]
[Result "1-0"]
[WhiteElo "2109"]
[BlackElo "2107"]

1. g3 d5 2. Bg2 Nf6 3. Nf3 e6 4. c4 Be7 5. O-O c6 6. b3 Nbd7 7. Bb2 dxc4 8. bxc4
O-O 9. Qc2 b6 10. d4 Bb7 11. Nbd2 c5 12. e4 cxd4 13. Bxd4 Nc5 14. e5 Nfd7 15.
Rad1 Qc7 16. Rfe1 Rfd8 17. h4 Nf8 18. Nf1 Rd7 19. Bxc5 Bxc5 20. Rxd7 Qxd7 21.
Rd1 Qc7 22. Qe2 Rc8 23. N3d2 Nd7 24. Bxb7 Qxb7 25. Kh2 Be7 26. f4 Qa6 27. Ne4
Nf8 28. Nd6 Rc7 29. Ne3 Bxd6 30. exd6 Rb7 31. f5 Rd7 32. fxe6 Nxe6 33. Ng4 Qc8
34. Ne5 Rd8 35. Qe4 Nf8 36. Nc6 Qg4 37. Qxg4 1-0

[Event "Let's Play Chess!"]
[Site "http://www.queenalice.com/game.php?id=784121"]
[Date "2010.6.1"]
[Round "-"]
[White "Zenchess"]
[Black "Pater"]
[Result "1-0"]
[WhiteElo "2122"]
[BlackElo "1678"]

1. c4 e5 2. Nc3 Nf6 3. g3 Bb4 4. Bg2 O-O 5. e4 Bxc3 6. bxc3 c6 7. Qb3 Na6 8. Ba3
d6 9. Ne2 Nc5 10. Qc2 Be6 11. d4 exd4 12. cxd4 Ncxe4 13. O-O Bf5 14. Qb2 Re8 15.
Rad1 Qc7 16. f3 Ng5 17. h4 Qb6 18. Rfe1 Qxb2 19. Bxb2 Nxf3+ 20. Bxf3 Re3 21. Kf2
Rae8 22. Nc3 Rxe1 23. Rxe1 Rxe1 24. Kxe1 Bd3 25. Be2 Bxe2 26. Kxe2 1-0